Les tarekat en Insulinde

Saved in:  
Bibliographic Details
Main Author: Lombard, Denys 1938-1998 (Author)
Format: Print Article
Language:French
Check availability: HBZ Gateway
Interlibrary Loan:Interlibrary Loan for the Fachinformationsdienste (Specialized Information Services in Germany)
Published: 1986
In: Les ordres mystiques dans l'Islam
Year: 1986, Pages: 139-164

MARC

LEADER 00000naa a22000002c 4500
001 1913893022
003 DE-627
005 20250109044246.0
007 tu
008 250109s1986 xx ||||| 00| ||fre c
020 |a 2713208440 
035 |a (DE-627)1913893022 
035 |a (DE-599)KXP1913893022 
040 |a DE-627  |b ger  |c DE-627  |e rda 
041 |a fre 
084 |a 0  |2 ssgn 
100 1 |e VerfasserIn  |0 (DE-588)141862513  |0 (DE-627)70408094X  |0 (DE-576)326537074  |4 aut  |a Lombard, Denys  |d 1938-1998 
109 |a Lombard, Denys 1938-1998  |a Lombard, D. 1938-1998  |a Lombard-Salmon, Denys 1938-1998 
245 1 4 |a Les tarekat en Insulinde 
264 1 |c 1986 
336 |a Text  |b txt  |2 rdacontent 
337 |a ohne Hilfsmittel zu benutzen  |b n  |2 rdamedia 
338 |a Band  |b nc  |2 rdacarrier 
773 0 8 |i Enthalten in  |t Les ordres mystiques dans l'Islam  |d Paris : Éd. de lÉcole des Hautes Études en Sciences Sociales, 1986  |g (1986), Seite 139-164  |h 324 S.  |w (DE-627)013152203  |w (DE-576)012644943  |z 2713208440  |7 nnam 
773 1 8 |g year:1986  |g pages:139-164 
935 |a mteo 
951 |a AR 
ELC |b 1 
ITA |a 1  |t 1 
LOK |0 000 xxxxxcx a22 zn 4500 
LOK |0 001 4647772918 
LOK |0 003 DE-627 
LOK |0 004 1913893022 
LOK |0 005 20250109032915 
LOK |0 008 250109||||||||||||||||ger||||||| 
LOK |0 035   |a (DE-Tue135)013152203_1986_139 
LOK |0 040   |a DE-Tue135  |c DE-627  |d DE-Tue135 
LOK |0 092   |o n 
LOK |0 852   |a DE-Tue135 
LOK |0 852 1  |9 00 
LOK |0 935   |a imwa  |a ixau  |a rwrk 
LOK |0 939   |a 09-01-25  |b l01 
ORI |a SA-MARC-ixtheoa001.raw 
REL |a 1 
SUB |a REL